La realidad del espacio : (Registro nro. 49875)

Detalles MARC
000 -LEADER
fixed length control field 01255nam a2200277 4500
001 - CONTROL NUMBER
control field 0000017039
003 - CONTROL NUMBER IDENTIFIER
control field CO-CtgCURN
005 - DATE AND TIME OF LATEST TRANSACTION
control field 20250828182009.0
008 - FIXED-LENGTH DATA ELEMENTS--GENERAL INFORMATION
fixed length control field 160627s1993 000 0 eng d
020 ## - INTERNATIONAL STANDARD BOOK NUMBER
International Standard Book Number 8425216184
040 ## - CATALOGING SOURCE
Original cataloging agency CO-CtgCURN
Language of cataloging spa
Transcribing agency coctgcurn
082 0# - DEWEY DECIMAL CLASSIFICATION NUMBER
Classification number 720.946
Item number D628r
100 1# - MAIN ENTRY--PERSONAL NAME
Personal name Drew, Philip.
245 13 - TITLE STATEMENT
Title La realidad del espacio :
Remainder of title arquitectura de Martorell, Bohigas, Mackay, Puigdomenech /
Statement of responsibility, etc. Philip Drew.
260 ## - PUBLICATION, DISTRIBUTION, ETC.
Place of publication, distribution, etc. Barcelona :
Name of publisher, distributor, etc. Editorial Gustavo Gili,
Date of publication, distribution, etc. 1993.
300 ## - PHYSICAL DESCRIPTION
Extent 224 p.
336 ## - CONTENT TYPE
Source rdacontent
337 ## - MEDIA TYPE
Source rdamedia
Media type term sin mediacion
Media type code n
338 ## - CARRIER TYPE
Source rdacarrier
Carrier type term volumen
Carrier type code nc
504 ## - BIBLIOGRAPHY, ETC. NOTE
Bibliography, etc. note Incluye bibliografia.
505 8# - FORMATTED CONTENTS NOTE
Formatted contents note Una arquitectura con raices.--Despejando la niebla.--Traduciendo la tradicion.--Mirando en mas de una dirección.--Fidelidad al estilo.--Despues de Franco.--Rejuveneciendo Barcelona.--El horizonte de 1992.--Viviendas unifamiliares.--Edificios de viviendas.--Escuelas y bibliotecas.--Edificios industriales y comerciales.--Arquitectura religiosa.--areas urbanas y parques
600 10 - SUBJECT ADDED ENTRY--PERSONAL NAME
Personal name Martorell, Josep
General subdivision Obra arquitectonica.
908 ## - PUT COMMAND PARAMETER (RLIN)
Put command parameter 160627
942 ## - ADDED ENTRY ELEMENTS (KOHA)
Koha item type Libros
Classification part 720.946
Item part D628r
Source of classification or shelving scheme Dewey Decimal Classification
999 ## - SYSTEM CONTROL NUMBERS (KOHA)
-- 1
Existencias
Withdrawn status Lost status Source of classification or shelving scheme Damaged status Not for loan Collection Home library Current library Shelving location Date acquired Inventory number Total checkouts Full call number Barcode Date last seen Price effective from Koha item type
    Dewey Decimal Classification     General Miguel Henríquez Castañeda Miguel Henríquez Castañeda General 03/04/2019 011923   720.946 D628r 011923 03/04/2019 03/04/2019 Libros